30 Chansons censurées - Statistiques

Statistiques générales
  • Ce quiz a été pris 56 fois
  • Le résultat moyen est 8 sur 30
Statistiques - réponses
Interprète(s) Année Texte Réponse % Correct
Pierre Perret 1977 On la trouvait plutôt jolie Lily Elle arrivait des Somalies Lily Dans un bateau plein d’émigrés Qui venaient tous de leur plein gré Vider les poubelles à Paris Lily
78%
Boris Vian 1954 Monsieur le Président Je vous fais une lettre Que vous lirez peut-être Si vous avez le temps Je viens de recevoir Mes papiers militaires Pour partir à la guerre Avant mercredi soir Le déserteur
73%
Pierre Perret 1974 Afin de nous ôter nos complexes Ô gué, ô gué On nous donne des cours sur le sexe Ô gué, ô gué On apprend la vie secrète Des angoissés d' la bébête Ou de ceux qui trouvent dégourdi De montrer leur bigoudi Le zizi
73%
Michel Sardou 1975 Quand je pense à la vieille anglaise Qu'on appelait le "Queen Mary", Echouée si loin de ses falaises Sur un quai de Californie, Le France
69%
Georges Brassens 1953 C'est à travers de larges grilles Que les femelles du canton Contemplaient un puissant gorille Sans souci du qu'en-dira-t-on Avec impudeur, ces commères Lorgnaient même un endroit précis Que, rigoureusement, ma mère M'a défendu d'nommer ici Le gorille
67%
Michel Sardou 1967 Si les Ricains n'étaient pas là Vous seriez tous en Germanie À parler de je ne sais quoi À saluer je ne sais qui Les Ricains
55%
Pierre Perret 1966 Je vous écris une petite bafouille Pour pas que vous vous fassiez de mouron Ici, on est aux petits oignons J'ai que huit ans, mais je me débrouille Les jolies colonies de vacances
53%
Renaud 1975 Ils s'embrassent au mois de Janvier Car une nouvelle année commence Mais depuis des éternités L'a pas tell'ment changé la France Hexagone
47%
Michel Sardou 1976 Moi monsieur j'ai fait la colo, Dakar, Conakry, Bamako. Moi monsieur, j'ai eu la belle vie, Au temps béni des colonies. Les guerriers m'appelaient Grand Chef Au temps glorieux de l'A.O.F. J'avais des ficelles au képi, Le temps des colonies
39%
Jacques Brel 1961 Le coeur bien au chaud Les yeux dans la bière Chez la grosse Adrienne de Montalant Avec l'ami Jojo Et avec l'ami Pierre On allait boire nos vingt ans Les bourgeois
35%
Jean Ferrat 1969 De plaines en forêts de vallons en collines Du printemps qui va naître à tes mortes saisons De ce que j'ai vécu à ce que j'imagine Je n'en finirai pas d'écrire ta chanson Ma France
33%
Jean Ferrat 1965 M'en voudrez-vous beaucoup si je vous dis un monde Qui chante au fond de moi au bruit de l'océan M'en voudrez-vous beaucoup si la révolte gronde Dans ce nom que je dis au vent des quatre vents Potemkine
33%
Georges Brassens 1962 Je vivais à l'écart de la place publique Serein, contemplatif, ténébreux, bucolique Refusant d'acquitter la rançon de la gloire Sur mon brin de laurier je dormais comme un loir Les trompettes de la renommée
27%
Salvatore Adamo 1966 J'ai vu l'orient dans son écrin avec la lune pour bannière Et je comptais en un quatrain chanter au monde sa lumière Mais quand j'ai vu Jérusalem, coquelicot sur un rocher J'ai entendu un requiem quand, quand sur lui, je me suis penché. Inch'Allah
22%
Montéhus 1923 Sur cette butte là, y'avait pas de gigolette Pas de marlous, ni de beaux muscalins. Ah, c'était loin du moulin de la galette Et de Paname, qu'est le roi des patelins. Ce qu'elle en a bu, du beau sang, cette terre Sang d'ouvrier et sang de paysan La butte rouge
20%
Magali Noël 1955 Il s'est levé à mon approche Debout, il était plus petit Je me suis dit c'est dans la poche Ce mignon-là, c'est pour mon lit Il m'arrivait jusqu'à l'épaule Mais il était râblé comme tout Il m'a suivie jusqu'à ma piaule Et j'ai crié vas-y mon loup Fais-moi mal Johnny
16%
Georges Brassens 1952 Au marché de Briv'-la-Gaillarde, A propos de bottes d'oignons, Quelques douzaines de gaillardes Se crêpaient un jour le chignon. Hécatombe
16%
Guy Béart 1957 Elle avait elle avait Un Chandernagor râblé Pour moi seul pour moi seul Elle découvrait ses cachemires Ses jardins ses beau quartiers Enfin son Chandernagor Pas question Dans ces conditions D'abandonner les Comptoirs de l'Inde Chandernagor
10%
Charles Trenet 1951 Les jours de repassage, Dans la maison qui dort, La bonne n'est pas sage Mais on la garde encore. On l'a trouvée hier soir, Derrière la porte de bois, Avec une passoire, se donnant de la joie. La folle complainte
10%
Francis Lemarque 1952 Fleur au fusil, tambour battant, il va Il a vingt ans, un coeur d'amant qui bat Un adjudant pour surveiller ses pas Et son barda contre son flanc qui bat. Quand un soldat
8%
Claude Nougaro 1968 Le casque des pavés ne bouge plus d'un cil La Seine de nouveau ruisselle d'eau bénite Le vent a dispersé les cendres de Bendit Et chacun est rentré chez son automobile Paris Mai
6%
Serge Gainsbourg 1959 Il était une fois Une jambe de bois Qui cherchait un amateur Elle se dit : « Ma foi Si personne n'veut de moi Je me fous une balle en plein coeur » La jambe de bois
4%
Pauline Ester 1990 J'ai envoyé du pain pour sauver les enfants Qui meurent de faim dans le petit écran Quelle surprise en voyant qu'un militaire S'envoyait tout cru mon sandwich au gruyère Le monde est fou
4%
Charles Aznavour 1955 Nous nous sommes aimés Nos joies se sont offertes Et nos cœurs ont battu Poussés par cet instinct Qui unit les amants en se fichant du reste Après l'amour
2%
Edith Piaf 1952 Toi Toujours toi Rien que toi Partout toi Toi toi toi Toi Je t'ai dans la peau
2%
Jacques Brel 1959 Pourquoi cette fanfare Quand les soldats par quatre Attendent les massacres Sur le quai d'une gare ? La colombe
2%
Barbara 1958 Mon mari est mort à la guerre. Je venais d'avoir 18 ans. Je fus à lui seul toute entière, De son vivant Mais le jour de la fête, On me conte fleurette. Veuve de guerre
2%
Les compagnons de la chanson 1958 S'il fallait faire la guerre en dentelles Et cerner l'armée des jouvencelles Au printemps S'il fallait marcher, marcher sans trêve Sans mousquet et le sourire aux lèvres En chantant Ça ferait dans mon quartier Et dans le monde entier Un bel embouteillage La guerre en dentelles
0%
Charles Aznavour 1960 Pourquoi donc irais-je encore à la guerre Après ce que j'ai vu, avec ce que je sais Où sont-ils à présent les héros de naguère Ils sont allés trop loin chercher la vérité L'amour et la guerre
0%
Léo Ferré 1961 Pour la flamme que tu allumes Au creux d'un lit pauvr' ou rupin Pour le plaisir qui s'y consume Dans la toile ou dans le satin Pour les enfants que tu ranimes Au fond des dortoirs chérubins Thank you Satan
0%
Aucun quiz correspondant
Distribution des résultats
% des personnes avec chaque résultat
Percentile par nombre de réponses
Votre historique - résultats
Vous n’avez pas pris ce quiz